000 00402nam a22001577a 4500
003 MPLRDC
005 20220104113832.0
008 210129b ||||| |||| 00| 0 eng d
082 _a220.7 QHWSS c.2
100 _a清海无上师
245 _a即刻开悟之钥
_c
260 _a
_b清海无上师吉隆坡禅 定学会
_c1993
300 _b
650 _a佛教杂论
942 _cBK
_o220.7 QHWSS c.2
999 _c2734
_d2724